00487nam a22001577a 450000500170000000800410001702000260005804100150008408200120009910000450011124500440015625000190020026000530021930000320027265000250030420231114094135.0231114b |||||||| |||| 00| 0 eng d a409023019 ; 409023027 aAfrikaans  a345 DEW aDe Wet, JC en Swanepoel, HL lAfrikaans  aStrafreg / cJC De Wet en HL Swanepoel  aDerde Uitgawe  aDurban : bButterworth en Kie (Edms) Bpk, c1975 bviii, 461 pages ; c25 cm.  aLegal practice bLaw